| 000 | 00580cam a2200181u 4500 | ||
|---|---|---|---|
| 082 |
_a510.2462 _bTOF _cL-25, 34 p. |
||
| 100 | 1 |
_aAntoville, Henrietta D. [from old catalog] _939237 |
|
| 245 | 1 | 0 | _aPractical mathematics ... |
| 250 | _a2nd | ||
| 260 |
_aNew York city, _bNoble & Noble, inc. _c[1942] |
||
| 300 |
_a4 v. _billus., plates, diagrs., forms. _c20 cm. |
||
| 526 |
_a0 _b0 _c0 _d510_246200000000000_TOF |
||
| 650 | 0 | _aMathematics. | |
| 650 | 0 |
_aMCE _9379 |
|
| 700 | 1 |
_aJansen, William, _939238 |
|
| 700 | 1 |
_aTrube, Catherine M., [from old catalog] _939239 |
|
| 942 |
_2ddc _cBK |
||
| 999 |
_c543757 _d543757 |
||